As grandes fontes de energia (Registo nº 4379)

Detalhes MARC
000 -Etiqueta do registo
Cabeçalho 00726cam a2200253 4500
005 - Identificador da versão
Campo de controlo 20240813122059.0
095 ## -
-- PTBN00130189
021 ## - Número do Depósito Legal
Código do país PT
Número 20016/88
100 ## - Dados gerais de processamento
Dados gerais de processamento 19881018d1988 em y0pory5003 ba
102 ## - Pais de publicação ou produção
País de publicação Portugal
101 1# - Língua de publicação
Língua do texto, banda sonora, etc. Português
Língua do documento no original Francês
215 ## - Descrição física 
Indicação específica da natureza do documento e extensão da espécie 77, [1] p.
Outras indicações físicas il.
Dimensões 18 cm
200 1# - Titulo e menção de responsabilidade
Título próprio As grandes fontes de energia
Primeira menção de responsabilidade Pierre Kohler
Outras menções de responsabilidade trad. Maria Teresa Galväo
210 ## - Publicação, Distribuição, etc. 
Lugar da edição, distribuição, etc. Venda Nova
Nome do editor, distribuidor, etc. Bertrand
Data da publicação, distribuição, etc. imp. 1988
304 ## - Notas relativas a título e menção de responsabilidade 
Texto da nota Tít. orig. : Les grandes sources d'énergie
675 ## - Classificação Decimal Universal (CDU)
Notação 536.7
Edição BN
Língua da edição por
Notação 620.9
Edição BN
Língua da edição por
702 #1 - Nome de autor-pessoa física (responsabilidade secundária)
Número de registo de entrada de autoridade 0001176
Palavra de ordem Galvão
Outra parte do nome não tomada para palavra de ordem Maria Teresa
Código de função Tradutor
700 #1 - Nome de autor-pessoa física (responsabilidade principal)
Número de registo de entrada de autoridade 0001175
Palavra de ordem Kohler
Outra parte do nome não tomada para palavra de ordem Pierre
942 ## - Elementos de entrada adicionados (Koha)
Tipo de item no Koha Livro
Exemplares
Situação do levantamento Origin of item (home branch) (coded) Biblioteca de empréstimo Código de barras Cota Circulation type (not for loan) Tipo de documento Nota do exemplar Damaged status
  Biblioteca Escolar das Vendas Biblioteca Escolar das Vendas BEV1371 6 KHO   Livro Sem mensagem